| 000 | 00585nam a2200229 i 4500 | ||
|---|---|---|---|
| 001 | bgj | ||
| 100 | 1 | _aSTALDER, Heinz. | |
| 245 | 1 | 0 |
_aDas schweigende Gewicht : _bErzälung / _cHeinz Stalder. |
| 260 |
_aReinbek bei Hamburg : _bRowohlt, _ccop. 1981. |
||
| 300 |
_a157 s. ; _c19 cm. |
||
| 490 | 1 |
_aDas neue Buch _v159 |
|
| 650 | 9 | _aPowieść niemiecka | |
| 830 | _aDas neue Buch | ||
| 020 | _a3499251590 | ||
| 040 | _cBPK | ||
| 041 | 0 | _ager | |
| 044 | _aDEU | ||
| 080 | _a821.112.2-3 | ||
| 920 | _a3-499-25159-0 | ||
| 942 | _cKS | ||
| 008 | s gw f |000 0 ger | ||
| 999 |
_c50602 _d50602 |
||
| 856 |
_uhttp://koha.tu.koszalin.pl/cgi-bin/koha/opac-detail.pl?biblionumber=50602 _yKatalog online BPK |
||